000 01396cam a2200361 a 4500
090 _c0
001 12018376
005 20060807190313.0
008 000524s1999 enka b 001 0 eng d
010 _a00267386
015 _aGB99-Z7759
020 _a0415211719 (hbk)
020 _a0415211727 (pbk)
035 _a(OCoLC)ocm40588847
040 _aUKM
_cUKM
_dNGU
_dDLC
042 _alccopycat
050 0 0 _aGE105
_b.T45 1999
082 0 0 _a363.7
_221
_bTHI
245 0 0 _aThinking through the Environment :
_bA Reader /
_cedited by Mark J. Smith.
260 _aLondon ;
_aNew York :
_bRoutledge ;
_aLondon :
_bOpen University,
_cc1999.
300 _axi, 435 p. :
_bill. ;
_c25 cm.
504 _aIncludes bibliographical references and index.
650 0 _aEnvironmental sciences.
650 0 _aEcology.
650 0 _aEnvironmental policy.
650 0 _aNature
_xEffect of human beings on.
650 0 _aEnvironmental ethics.
700 1 _aSmith, Mark J.,
_d1962-
856 4 2 _3Publisher description
_uhttp://www.loc.gov/catdir/enhancements/fy0650/00267386-d.html
942 _2ddc
_cBB
999 _c10442
_d10442